| 000 | 00326 a2200121 4500 | ||
|---|---|---|---|
| 999 |
_c321911 _d321911 |
||
| 001 | 86838 | ||
| 003 | NUST | ||
| 005 | 20180124095100.0 | ||
| 008 | 180124b xxu||||| |||| 00| 0 eng d | ||
| 082 | _a958.1047 GAL | ||
| 100 |
_aGall Sandy _99645 |
||
| 245 |
_aWar Against the taliban; why it all went wrong in Afghanistan _hEnglish |
||
| 260 |
_aNew York _bBloomsburg _c2012 |
||
| 300 | _axiii, 386p. | ||
| 942 |
_aCAE NUST _k958.1047 GAL _2ddc _cBK |
||